| 000 | 00431nam a2200181Ia 4500 | ||
|---|---|---|---|
| 008 | 230524s9999 xx 000 0 und d | ||
| 020 | _a9780195686661 | ||
| 082 |
_a621.3824 _bHAR |
||
| 100 | _aA.R.Harish | ||
| 245 | 0 | _aAntennas & Wave Propagation | |
| 250 | _a1 | ||
| 260 |
_bOxford _c2014 |
||
| 300 | _a"xviii,402p;" | ||
| 500 | _aQuantity Number: 30 | ||
| 650 | _aElectronics | ||
| 700 | _aM.Sachidananda | ||
| 942 | _cBK | ||
| 999 |
_c59383 _d59383 |
||